000 01501nam a2200241Ia 4500
999 _c55459
_d55459
001 22541
003 GE_BSU
005 20220920121358.0
008 181216s2012||||ge |||||||||||||| ||geo||
040 _cGE_BSU
041 _ageo
080 _a33 ჭ-98
100 _aფუტკარაძე, სულიკო
_911640
245 _aსაქართველოს საგადასახადო სისტემა და მისი სრულყოფის პრობლემები თანამედროვე ეტაპზე : დისერტაცია /
_cსულიკო ფუტკარაძე; სამეცნიერო ხელმძღვანელი რ. მანველიძე; ბათუმის შოთა რუსთაველის სახ-ფო უნ-ტი.
264 _aბათუმი,
_c2012.
300 _a190 გვ. ;
_b30 სმ.
504 _aბიბლიოგრ. გვ. 178-190
653 _aბიზნეს ადმინისტრირება
653 _aსაქართველოს საგადასახადო სისტემა და მისი სრულყოფის პრობლემები თანამედროვე ეტაპზე
653 _aდისერტაცია
700 _aმანველიძე, რ.
_eსამეცნიერო ხელმძღვანელი
_910484
942 _cBK
_2udc